000 00444nam a2200169Ia 4500
003 LK-CoDNM
005 20240725123759.0
008 010623t1921 xxu||||| |||| 00| 1 eng d
040 _aLK-CoDNM
_dLK-CoDNM
_eLK-CoDNM
041 _aeng
080 _a8
_bP24
100 _aMacalister,R.A.S.
245 _aA History of Civilization in Palestine
260 _bCambridge University Press
_c1921
300 _bvii, 139p. : ILL ;16 cm
942 _cBK
999 _c90388
_d90388